Ecuador Oil Ruling: Whose Victory? /

Wedi'i Gadw mewn:
Manylion Llyfryddiaeth
Prif Awdur: Bruno, Kenny
Fformat: Texto
Pynciau:
Tagiau: Ychwanegu Tag
Dim Tagiau, Byddwch y cyntaf i dagio'r cofnod hwn!

MARC

LEADER 00000 a a2200000 04500
001 9987
003
040
100 |a Bruno, Kenny  
245 |a Ecuador Oil Ruling:   |b Whose Victory? /  |c Kenny Bruno 
650 |a RECURSOS PETROLIFEROS  
650 |a MOVILIZACION SOCIAL  
650 |a POBLACION INDIGENA  
650 |a PROTECCION DEL PATRIMONIO CULTURAL  
650 |a PROTECCION AMBIENTAL  
773 |g volumen 36, número 6; páginas 23-25  
999 |c 33637  |d 33637